[Event "Subic Open"]
[Site "Subic PHI"]
[Date "2009.05.26"]
[Round "3"]
[White "Bancod,Ron"]
[Black "Arvind,C"]
[Result "0-1"]
[WhiteElo "2356"]
[BlackElo "2275"]

1.e4 c5 2.Nf3 d6 3.Bb5+ Bd7 4.Bxd7+ Qxd7 5.O-O Nf6 6.e5 dxe5 7.Nxe5 Qd6 8.Nc4 Qd7
9.Ne5 Qd6 10.Nc4 Qd7 11.d3 Nc6 12.a4 e6 13.Bf4 Be7 14.Nbd2 O-O 15.Re1 Nd5
16.Bg3 Rae8 17.Nf3 f6 18.c3 e5 19.Qb3 Kh8 20.Rad1 Bd8 21.h4 Nb6 22.h5 Qf7
23.h6 Nxc4 24.hxg7+ Kxg7 25.dxc4 e4 26.Nh4 f5 27.Nxf5+ Qxf5 28.Qxb7+ Ne7  0-1

[Event "Subic Open"]
[Site "Subic PHI"]
[Date "2009.05.27"]
[Round "4"]
[White "Legaspi,R"]
[Black "Arroyo,C"]
[Result "1/2-1/2"]
[WhiteElo "2358"]
[BlackElo "2213"]

1.e4 c5 2.Nf3 d6 3.Bb5+ Bd7 4.a4 Nc6 5.O-O Nf6 6.Re1 e6 7.c3 Be7 8.d4 a6
9.Bf1 cxd4 10.cxd4 d5 11.exd5 Nxd5 12.Nc3 O-O 13.Bd3 Ncb4 14.Bb1 Rc8 15.Bd2 Bc6
16.Ne5 Nf6 17.Bg5 Qd6 18.Bf4 Qd8 19.Bg5 Qc7 20.Nxc6 Qxc6 21.Be4 Qd7 22.Bf3 Rfd8
23.Qe2 Nfd5 24.Bxe7 Qxe7 25.Nxd5 Nxd5 26.Rac1 Qd7 27.a5 Rxc1 28.Rxc1 g6 29.Qc4 Kg7
30.g3 Qe7 31.h4 h5 32.Kg2 Rd7 33.Qe2 Qb4 34.Qe5+ Nf6 35.Rc7 Rxc7 36.Qxc7 Qxd4
37.Qxb7 Qd3 38.b4 Ne8 39.Qc7 Nd6 40.Qc5 Kf6 41.Qg5+ Kg7 42.Qe5+ Kf8 43.Qc5  1/2-1/2

[Event "TOP 16 Poule Haute"]
[Site "Le Port Marly FRA"]
[Date "2009.05.28"]
[Round "8"]
[White "Belkhodja,S"]
[Black "Gaponenko,I"]
[Result "0-1"]
[WhiteElo "2479"]
[BlackElo "2428"]

1.e4 c5 2.Nf3 d6 3.Bb5+ Bd7 4.Bxd7+ Qxd7 5.O-O Nf6 6.Qe2 Nc6 7.c3 e6 8.d4 cxd4
9.cxd4 d5 10.e5 Ne4 11.Nbd2 Nxd2 12.Bxd2 Be7 13.Rac1 O-O 14.Rc3 f6 15.exf6 Bxf6
16.Rd3 Rae8 17.Bc3 Bd8 18.Re3 Bc7 19.b4 Bf4 20.b5 Nd8 21.Ne5 Qc7 22.Rh3 Bxe5
23.dxe5 Rf4 24.Qd2 Rc4 25.Bd4 Nf7 26.Rg3 b6 27.h4 Qe7 28.Qf4 Nh6 29.Qxh6 Rxd4
30.Rc1 Rxh4 31.Rxg7+ Qxg7 32.Qxh4 Qxe5 33.Rc6 Kh8 34.f4 Qg7 35.Qf2 e5 36.f5 e4
37.f6 Qf7 38.Qg3 e3 39.Rc7 Qxf6  0-1

[Event "TOP 16 Poule Haute"]
[Site "Le Port Marly FRA"]
[Date "2009.05.28"]
[Round "8"]
[White "Nezar,M"]
[Black "Relange,E"]
[Result "1/2-1/2"]
[WhiteElo "2394"]
[BlackElo "2482"]

1.e4 c5 2.Nf3 d6 3.Bb5+ Bd7 4.Bxd7+ Qxd7 5.c4 g6 6.d4 cxd4 7.Nxd4 Bg7 8.Nc3 Nc6
9.Be3 Nf6 10.f3 O-O 11.O-O a6 12.a4 e6 13.Nde2 Rfe8 14.Bb6 Ne5 15.b3 Qc6
16.Bd4 Qc7  1/2-1/2

[Event "TOP 16 Poule Haute"]
[Site "Le Port Marly FRA"]
[Date "2009.05.29"]
[Round "9"]
[White "Cornette,M"]
[Black "Vachier Lagrave,M"]
[Result "1-0"]
[WhiteElo "2573"]
[BlackElo "2684"]

1.e4 c5 2.Nf3 d6 3.Bb5+ Nc6 4.O-O Bd7 5.Re1 Nf6 6.c3 a6 7.Ba4 b5 8.Bc2 e5
9.h3 Be7 10.d4 O-O 11.d5 Na5 12.Nbd2 g6 13.Nf1 Nh5 14.g4 Nf4 15.Bxf4 exf4
16.Qc1 Nc4 17.Qxf4 Nxb2 18.N1d2 Bf6 19.Qxd6 Bxc3 20.Rab1 b4 21.Qxc5 Rc8 22.Qe3 Bb5
23.e5 Qxd5 24.Ne4 Bxe5 25.Bb3 Nc4 26.Qg5 f6 27.Nxf6+ Rxf6 28.Nxe5 Rcf8 29.Rbd1 Qc5
30.Qe3 Qc7 31.Nxc4 Bxc4 32.Rc1 Rxf2 33.Bxc4+ Kh8 34.Qe5+ Qxe5 35.Rxe5 R2f3
36.Rf1 Rxf1+ 37.Bxf1 Rf3 38.Kg2 Ra3 39.Bc4 a5 40.Re8+ Kg7 41.Re7+ Kh8 42.Rf7  1-0

[Event "Doroshkevicha Mem"]
[Site "Belorechensk RUS"]
[Date "2009.05.30"]
[Round "8"]
[White "Lugovskoy,M"]
[Black "Gochelashvili,D"]
[Result "0-1"]
[WhiteElo "2016"]
[BlackElo "2450"]

1.e4 c5 2.Nf3 d6 3.Bb5+ Nd7 4.d4 cxd4 5.Qxd4 e5 6.Qd1 Nf6 7.Nc3 h6 8.Nh4 a6
9.Bxd7+ Bxd7 10.O-O g6 11.Qd3 Be7 12.h3 b5 13.a3 Rc8 14.Rd1 Qc7 15.Nf3 Qb7
16.Be3 Kf8 17.Nd2 Kg7 18.Nf1 Be6 19.f3 d5 20.exd5 Rhd8 21.Bf2 Nxd5 22.Qe4 Bf5
23.Qxe5+ Bf6 24.Qe2 Bxc3 25.bxc3 Nxc3 26.Qe5+ f6 27.Qe1 Nxd1 28.Rxd1 Rxd1
29.Qxd1 Qd7 30.Qe1 Bxc2 31.Ne3 Bb3 32.Kh2 Qd6+ 33.Bg3 Qxa3 34.Ng4 h5 35.Nf2 Bc2
36.Qd2 Bf5 37.Bf4 g5 38.Bg3 h4 39.Bd6 Rd8  0-1

[Event "Open Univ La Punta CAA"]
[Site "Buenos Aires ARG"]
[Date "2009.05.30"]
[Round "8"]
[White "Malbran,G"]
[Black "Bronstein,L"]
[Result "1/2-1/2"]
[WhiteElo "2246"]
[BlackElo "2390"]

1.e4 c5 2.Nf3 d6 3.Bb5+ Bd7 4.Bxd7+ Nxd7 5.O-O Ngf6 6.Qe2 e6 7.c3 Be7 8.d4 O-O
9.e5 Ne8 10.Bf4 d5 11.Nbd2 Rc8 12.dxc5  1/2-1/2

[Event "TOP 16 Poule Haute"]
[Site "Le Port Marly FRA"]
[Date "2009.05.30"]
[Round "10"]
[White "Levacic,P"]
[Black "Hauchard,A"]
[Result "0-1"]
[WhiteElo "2307"]
[BlackElo "2512"]

1.e4 c5 2.Nf3 d6 3.Bb5+ Nc6 4.d4 cxd4 5.Qxd4 Nf6 6.Nc3 Bd7 7.Bxc6 Bxc6 8.Bg5 e6
9.O-O-O Be7 10.Qd3 Qa5 11.h4 h6 12.Bxf6 Bxf6 13.Nd4 O-O 14.f4 e5 15.Nxc6 bxc6
16.f5 d5 17.exd5 Rab8 18.Ne4 Qxa2 19.Qa3 Qxa3 20.bxa3 cxd5 21.Rxd5 Rfc8 22.g3 Rb3
23.Ra5 Be7 24.Rxa7 Bxa3+ 25.Kd2 Bb4+ 26.c3 Bxc3+ 27.Kc2 Rb2+ 28.Kd3 Bb4 29.Rha1 Rb3+
30.Ke2 Rc2+ 31.Kf1 Rf3+ 32.Kg1 Re2 33.Ra8+ Kh7  0-1

[Event "XXXI Nezhmetdinov Mem"]
[Site "Kazan RUS"]
[Date "2009.05.31"]
[Round "1"]
[White "Gorozhankina,J"]
[Black "Akhmadeev,Vad"]
[Result "0-1"]
[WhiteElo "2080"]
[BlackElo "2419"]

1.e4 c5 2.Nf3 d6 3.Bb5+ Nd7 4.d4 Nf6 5.Nc3 cxd4 6.Qxd4 a6 7.Bxd7+ Bxd7 8.Bg5 Bc6
9.O-O e6 10.Rad1 Be7 11.Qd3 O-O 12.Nd4 Rc8 13.Kh1 b5 14.Nxc6 Rxc6 15.Ne2 Nd7
16.Bxe7 Qxe7 17.Nd4 Rb6 18.f4 Nf6 19.Nf3 Rc6 20.c3 h6 21.Rd2 Rd8 22.Ra1 Rc4
23.Re2 Qb7 24.Nd4 Rdc8 25.Rae1 b4 26.Nb3 Qb6 27.Nd2 R4c6 28.c4 a5 29.b3 a4
30.Nf3 axb3 31.axb3 Ra8 32.Nd4 Rc5 33.Nb5 d5 34.e5 Ne4 35.Qe3 Rac8 36.Rb2 Rxb5  0-1

[Event "XXXI Nezhmetdinov Mem"]
[Site "Kazan RUS"]
[Date "2009.05.31"]
[Round "1"]
[White "Sherbakov,R"]
[Black "Tkachuk,A"]
[Result "1-0"]
[WhiteElo "2500"]
[BlackElo "2125"]

1.e4 c5 2.Nf3 d6 3.Bb5+ Bd7 4.Bxd7+ Qxd7 5.O-O Nc6 6.c3 g6 7.d4 Bg7 8.Re1 e5
9.dxc5 dxc5 10.Qb3 Nge7 11.Na3 Na5 12.Qb5 Qxb5 13.Nxb5 O-O 14.Be3 Rfc8 15.Rad1 a6
16.Nd6 Rc7 17.b4 Nac6 18.Bxc5 Rd7 19.Nc8 Rxd1 20.Nxe7+ Nxe7 21.Rxd1 Nc6 22.Bb6 Rc8
23.Kf1 Nb8 24.Rd8+ Rxd8 25.Bxd8 Kf8 26.Ke2 Ke8 27.Bb6 f6 28.Kd3 Kd7 29.c4 Bf8
30.a3 Be7 31.Nd2 Kc6 32.Be3 Nd7 33.Nb3 b6 34.f3 Nf8 35.Kc3 Ne6 36.a4 f5 37.b5+ Kb7
38.a5 Bc5 39.Bxc5 bxc5 40.exf5 gxf5 41.g4 fxg4 42.fxg4 e4 43.Nd2 e3 44.Ne4 e2
45.Kd2 axb5 46.cxb5 c4 47.Nd6+ Kc7 48.Nxc4 Nd4 49.b6+ Kc6 50.a6 h6 51.a7 Kb7
52.Nd6+ Ka8 53.Ne8  1-0

[Event "XXXI Nezhmetdinov Mem"]
[Site "Kazan RUS"]
[Date "2009.06.01"]
[Round "2"]
[White "Bushkov,A"]
[Black "Voitsekhovsky,S"]
[Result "0-1"]
[WhiteElo "2293"]
[BlackElo "2522"]

1.e4 c5 2.Nf3 d6 3.Bb5+ Bd7 4.Bxd7+ Nxd7 5.O-O Ngf6 6.Qe2 e6 7.b3 Be7 8.Bb2 O-O
9.c4 a6 10.d4 cxd4 11.Nxd4 Qa5 12.Nc3 Rfc8 13.Rad1 Bf8 14.Kh1 Nc5 15.f4 b5
16.e5 b4 17.exf6 bxc3 18.Ba1 g6 19.Rf3 Qd8 20.Bxc3 Qxf6 21.f5 Qe7 22.b4 e5
23.fxg6 fxg6 24.Nf5 gxf5 25.bxc5 Rxc5 26.Rxf5 Bg7 27.Bb4 Rc6 28.Qe4 Rac8
29.Qd5+ Kh8 30.Bxd6 Qd7 31.Rf7 Qg4 32.Bxe5 Bxe5 33.Qxe5+ Kg8 34.Rdd7 Rg6
35.Qd5 Qe6 36.Rg7+ Kf8 37.Rdf7+ Ke8 38.Re7+ Qxe7 39.Rg8+ Rxg8 40.Qxg8+ Kd7
41.Qd5+ Kc7  0-1

[Event "3rd ENCI Limburg Open"]
[Site "Maastricht NED"]
[Date "2009.06.01"]
[Round "6"]
[White "Schlawin,M"]
[Black "Verstraeten,R"]
[Result "1-0"]
[WhiteElo "2316"]
[BlackElo "1986"]

1.e4 c5 2.Nf3 d6 3.Bb5+ Nd7 4.d4 cxd4 5.Qxd4 Nf6 6.Bg5 e6 7.Nbd2 a6 8.Be2 Be7
9.a4 Qc7 10.O-O O-O 11.a5 Qc5 12.Rfd1 h6 13.Be3 Ng4 14.Qxc5 dxc5 15.Bf4 g5
16.Bg3 h5 17.Nc4 Nh6 18.Bd6 Bxd6 19.Nxd6 g4 20.Nd2 Ne5 21.Nb3 c4 22.Nxc4 Nxc4
23.Bxc4 Rb8 24.Rd6 Kg7 25.Rad1 f5 26.Bxe6 fxe4 27.Nc5 Nf5 28.Rd8 Bxe6 29.Nxe6+ Kf7
30.Nxf8 Rxd8 31.Rxd8 Ke7 32.Rb8 e3 33.fxe3 Nxe3 34.Ng6+ Kf6 35.Nf4 Kg5 36.Ne6+ Kf6
37.Nd4  1-0

[Event "XXXI Nezhmetdinov Mem"]
[Site "Kazan RUS"]
[Date "2009.06.02"]
[Round "3"]
[White "Sherbakov,R"]
[Black "Isajevsky,A"]
[Result "1/2-1/2"]
[WhiteElo "2500"]
[BlackElo "2417"]

1.e4 c5 2.Nf3 d6 3.Bb5+ Nc6 4.c3 Nf6 5.Qe2 Bg4 6.d4 cxd4 7.cxd4 d5 8.exd5 Bxf3
9.Qxf3 Qxd5 10.Qxd5 Nxd5 11.Nc3 O-O-O 12.Nxd5 Rxd5 13.Bc4 Rd6 14.Bxf7 Nxd4
15.Bf4 Rf6 16.Be5 Nc2+ 17.Ke2 Nxa1 18.Bd5 Rb6 19.Rxa1 e6 20.Be4 Rb5 21.f4 Be7
22.Bxg7 Rd8 23.Bxh7 Rh5 24.Rc1+ Kb8 25.Be4 Rxh2 26.Be5+ Bd6 27.Rd1 Kc7 28.Rc1+ Kb8
29.Rd1 Kc7 30.Rc1+ Kb8  1/2-1/2

[Event "XXXI Nezhmetdinov Mem"]
[Site "Kazan RUS"]
[Date "2009.06.02"]
[Round "3"]
[White "Toropov,P"]
[Black "Sidorov,A"]
[Result "0-1"]
[WhiteElo "2176"]
[BlackElo "2404"]

1.e4 c5 2.Nf3 d6 3.Bb5+ Nd7 4.d4 cxd4 5.Qxd4 Nf6 6.Nc3 e6 7.Bg5 a6 8.Bxd7+ Bxd7
9.O-O-O Bc6 10.e5 Bxf3 11.gxf3 dxe5 12.Qh4 Qa5 13.Bxf6 gxf6 14.Qxf6 Rg8 15.Rd7 Kxd7
16.Qxf7+ Kc6 17.Qxe6+ Bd6 18.Rd1 Rad8 19.Rxd6+ Rxd6 20.Qxg8 Qd8 21.Qc4+ Kb6
22.b3 Rc6 23.Nd5+ Ka7 24.Qe4 Qg5+ 25.f4 exf4 26.Qd4+ Kb8 27.Nxf4 Qf6 28.Qe3 Qc3
29.Qe4 Rc5 30.Nd5 Qg7 31.Qf4+ Ka8 32.Ne3 Rc8 33.Kb1 Qc3 34.Qg4 Rf8 35.Qe2 Rg8
36.Nd1 Rg1 37.Kc1 Qa1+ 38.Kd2 Qd4+ 39.Kc1 Qf4+ 40.Kb2 Qxh2 41.Qe8+ Qb8 42.Qd7 Qh8+
43.c3 Qf8 44.a4 h5 45.a5 h4 46.Kc2 Rg5 47.Ne3 Qxf2+ 48.Kd3 Qf8 49.b4 Rg7
50.Qd4 h3 51.Nd5 Qf5+ 52.Ke3 Rg3+ 53.Ke2 Qf3+ 54.Ke1 Qh1+ 55.Ke2 Rg2+ 56.Ke3 Qg1+  0-1

[Event "XXXI Nezhmetdinov Mem"]
[Site "Kazan RUS"]
[Date "2009.06.03"]
[Round "4"]
[White "Yandemirov,V"]
[Black "Gerasimov,I"]
[Result "1-0"]
[WhiteElo "2499"]
[BlackElo "2346"]

1.e4 c5 2.Nf3 d6 3.Bb5+ Bd7 4.Bxd7+ Qxd7 5.O-O Nf6 6.Qe2 Nc6 7.Rd1 g6 8.c3 Bg7
9.d4 cxd4 10.cxd4 O-O 11.d5 Nb4 12.Nc3 e5 13.dxe6 Qxe6 14.Nd4 Qe5 15.Qb5 Na6
16.Qxe5 dxe5 17.Ndb5 Nc5 18.f3 Ne6 19.Be3 a6 20.Nd6 Rfd8 21.Nc4 b5 22.Nb6 Rab8
23.Nbd5 Nxd5 24.Nxd5 Kf8 25.Rac1 Rdc8 26.Nb6 Rxc1 27.Rxc1 Rd8 28.Nd5 Nd4
29.Rc7 h6 30.Bd2 Ra8 31.Ba5 Ne6 32.Rd7 Kg8 33.Kf1 Bf8 34.Bc3 Nd4 35.Bxd4 exd4
36.Ke2 Rc8 37.Rc7 Rd8 38.Rc6 a5 39.Kd3 Bd6 40.h3 Be5 41.Rc5  1-0

[Event "XXXI Nezhmetdinov Mem"]
[Site "Kazan RUS"]
[Date "2009.06.03"]
[Round "4"]
[White "Bushkov,A"]
[Black "Vafin,A"]
[Result "1-0"]
[WhiteElo "2293"]
[BlackElo "2062"]

1.e4 c5 2.Nf3 d6 3.Bb5+ Bd7 4.Bxd7+ Qxd7 5.O-O Nc6 6.c3 e5 7.d4 Nf6 8.Re1 g6
9.Bg5 Bg7 10.Na3 exd4 11.cxd4 O-O 12.Nc4 cxd4 13.Nxd4 d5 14.Nxc6 bxc6 15.exd5 Nxd5
16.Qf3 Rfe8 17.h3 Rab8 18.Rxe8+ Rxe8 19.Rd1 Qe6 20.Ne3 Nxe3 21.Qxe3 Qxe3
22.Bxe3 Bxb2 23.Bxa7 Rc8 24.Rd2 Ra8 25.Rd7 c5 26.Kf1 c4 27.Ke2 Rc8 28.Kd1 Bf6
29.a4 c3 30.Kc2 Re8 31.Be3 Rb8 32.Rc7 Rb2+ 33.Kd3 Ra2 34.Bh6  1-0

[Event "XXXI Nezhmetdinov Mem"]
[Site "Kazan RUS"]
[Date "2009.06.04"]
[Round "5"]
[White "Toropov,P"]
[Black "Bushkov,A"]
[Result "1-0"]
[WhiteElo "2176"]
[BlackElo "2293"]

1.e4 c5 2.Nf3 d6 3.Bb5+ Nd7 4.d4 Nf6 5.Nc3 a6 6.Bxd7+ Nxd7 7.O-O e6 8.d5 e5
9.a4 b6 10.Be3 Be7 11.Nd2 Rb8 12.Nc4 O-O 13.f4 f6 14.f5 Rf7 15.Qh5 Nf8 16.Rf3 Bd7
17.b3 b5 18.Nb2 c4 19.a5 cxb3 20.cxb3 b4 21.Nb1 Bb5 22.Rg3 Qc7 23.Qd1 Nd7
24.Nd2 Nc5 25.Qc1 Rc8 26.Bxc5 Qxc5+ 27.Qxc5 Rxc5 28.Ndc4 Bxc4 29.Nxc4 Rf8
30.Rd3 Rfc8 31.Kf2 Rb5 32.Ke2 Rcc5 33.Rd2 Kf7 34.Rc2 Ke8 35.Rac1 Kd7 36.Nb6+ Kc7
37.Rxc5+ dxc5 38.Nc4 Bd6 39.Kd3 Kd7 40.g4 Rb8 41.Rg1 h6 42.h4 Rh8 43.Ke2 Ke7
44.g5 hxg5 45.hxg5 Rh2+ 46.Kd1 Rh7 47.gxf6+ gxf6 48.Rg8 Rh1+ 49.Ke2 Rh2+
50.Kf1 Rh1+ 51.Kf2 Rh2+ 52.Kg3 Rc2 53.Rg7+ Kf8 54.Rd7 Rc3+ 55.Kg4 Be7 56.d6 Bxd6
57.Rxd6 Kf7 58.Rxa6 Rxb3 59.Rc6 Rc3 60.Rxc5 Ke7 61.a6 Rc2 62.a7 Ra2 63.Ra5  1-0

[Event "ch-UZB"]
[Site "Tashkent UZB"]
[Date "2009.06.05"]
[Round "7"]
[White "Kayumov,S"]
[Black "Faizulaev,A"]
[Result "0-1"]
[WhiteElo "2450"]
[BlackElo "2275"]

1.e4 c5 2.Nf3 d6 3.Bb5+ Bd7 4.a4 Nc6 5.O-O Nf6 6.d3 g6 7.b3 Bg7 8.Bb2 O-O
9.Nbd2 a6 10.Bxc6 Bxc6 11.e5 Ng4 12.Qe2 Nxe5 13.Nxe5 dxe5 14.Bxe5 Qd5 15.f4 Bxe5
16.fxe5 Qd4+ 17.Qf2 Qxf2+ 18.Rxf2 b5 19.a5 Rad8 20.Rf4 Kg7 21.Re1 Bd5 22.Re2 h6
23.Nf1 Be6 24.Nd2 Rd5 25.Nb1 c4 26.dxc4 bxc4 27.b4 Rb8 28.c3 Rbd8 29.Na3 Rd3
30.Rc2 Rd1+ 31.Kf2 g5 32.Rd4 R1xd4 33.cxd4 Rxd4 34.b5 axb5 35.a6 b4 36.a7 Rd8
37.Rb2 b3 38.Nb5 Ra8 39.Rd2 Rxa7 40.Nc3 Ra5 41.Re2 Ra1 42.Ke3 Ra8 43.Kd4 Rd8+
44.Kc5 Kg6 45.h3 Rd3 46.Kb4 Kf5 47.Nb5 Kf4 48.Nc3 Re3 49.Rf2+ Kg3 50.Rd2 Rxe5
51.Ka3 f5 52.Kb2 f4 53.Ne2+ Kxg2 54.Nxf4+ Kg3 55.Ng6  0-1

[Event "1st Chess Scotland Int Op CC"]
[Site "Edinburgh SCO"]
[Date "2009.06.06"]
[Round "5"]
[White "Green,An"]
[Black "Sreeves,C"]
[Result "1/2-1/2"]
[WhiteElo "2215"]
[BlackElo "1982"]

1.e4 c5 2.Nf3 d6 3.Bb5+ Bd7 4.Bxd7+ Qxd7 5.O-O Nf6 6.Qe2 Nc6 7.Rd1 g6 8.c3 Qg4
9.d3 c4 10.d4 Qxe4 11.Qxc4 Qd5 12.Qb3 Qxb3 13.axb3 Bg7 14.Nbd2 O-O 15.b4 a6
16.Nc4 Nd5 17.Re1 Rfc8 18.Ne3 Nxe3 19.Bxe3 d5 20.Bf4 e6 21.Nd2  1/2-1/2

[Event "XXXI Nezhmetdinov Mem"]
[Site "Kazan RUS"]
[Date "2009.06.06"]
[Round "7"]
[White "Sannikov,G"]
[Black "Bushkov,A"]
[Result "0-1"]
[WhiteElo "2046"]
[BlackElo "2293"]

1.e4 c5 2.Nf3 d6 3.Bb5+ Nd7 4.d4 Nf6 5.Nc3 cxd4 6.Qxd4 e5 7.Qd3 h6 8.h3 Be7
9.Be3 a6 10.Bxd7+ Bxd7 11.O-O-O b5 12.Nd5 Nxd5 13.Qxd5 Rc8 14.Qd2 Bc6 15.Qd3 f5
16.Qb3 Bxe4 17.Ne1 f4 18.Bd2 Qc7 19.Kb1 Qc4 20.Bb4 Qxb3 21.axb3 Kf7 22.f3 Bb7
23.Nd3 Ke6 24.Rhe1 g5 25.Re2 Rhe8 26.Rde1 Bf6 27.Bc3 Kf5 28.Nf2 h5 29.Ne4 Bxe4
30.fxe4+ Ke6 31.Rd2 g4 32.hxg4 hxg4 33.Red1 Be7 34.Bb4 Rcd8 35.c4 Rh8 36.Ba5 Rc8
37.Bb4 Rc6 38.Rd5 Rh2 39.R5d2 Bf8 40.Kc2 bxc4 41.Kc3 cxb3+ 42.Kxb3 Be7  0-1

[Event "National Open"]
[Site "Las Vegas USA"]
[Date "2009.06.06"]
[Round "4"]
[White "Chakraborty,Dw"]
[Black "Adelberg,D"]
[Result "1/2-1/2"]
[WhiteElo "2004"]
[BlackElo "2158"]

1.e4 c5 2.Nf3 d6 3.Bb5+ Bd7 4.Bxd7+ Qxd7 5.c4 Nf6 6.Nc3 g6 7.O-O Bg7 8.d4 cxd4
9.Nxd4 O-O 10.f3 Rc8 11.b3 d5 12.exd5 Nxd5 13.Nxd5 e6 14.Be3 exd5 15.Rc1 dxc4
16.Rxc4 Rxc4 17.bxc4 Nc6 18.Nxc6 Qxc6 19.Qd5 Qa6 20.Rb1  1/2-1/2

[Event "National Open"]
[Site "Las Vegas USA"]
[Date "2009.06.06"]
[Round "4"]
[White "Antal,Ge"]
[Black "Johansson,CF"]
[Result "1-0"]
[WhiteElo "2490"]
[BlackElo "2241"]

1.e4 c5 2.Nf3 d6 3.Bb5+ Nd7 4.d4 cxd4 5.Qxd4 e5 6.Qd3 h6 7.Nc3 Nf6 8.Nd2 a6
9.Bxd7+ Bxd7 10.Nc4 Be6 11.O-O Qc7 12.Ne3 Be7 13.b3 O-O 14.Bb2 Rac8 15.Kh1 b5
16.a4 b4 17.Ncd5 Bxd5 18.exd5 Qb7 19.f4 e4 20.Qd4 Bd8 21.Rad1 a5 22.Nc4 Rc5
23.Nxd6 Qxd5 24.Qe3 Qc6 25.Nc4 Rxc4 26.bxc4 Qxc4 27.Qb3 Qc6 28.h3 Re8 29.Be5 Bc7
30.Bxc7 Qxc7 31.Kh2 h5 32.g3 Re6 33.Rd2 Rc6 34.Qb1 Rc3 35.Qd1 Ra3 36.Qe2 Qc3
37.Qg2 Rxa4 38.g4 hxg4 39.Rd8+ Kh7 40.hxg4 Ra2 41.Rf2 Qe3 42.Rdd2 Qb6 43.g5 Nh5
44.Qxe4+ Qg6 45.Qe2 Ra3 46.Qg4 f5 47.Qh4 Re3 48.Rd4 Qe8 49.Rd8 Qf7 50.Rfd2 g6
51.Qf2 Re7 52.Qd4 Qg7 53.Qxg7+ Kxg7 54.R8d7 Kf7 55.Rxe7+ Kxe7 56.Rd4 Ng7
57.Kg3 Ne6 58.Rd5 a4 59.Rb5 a3 60.Rxb4 Nc5 61.Rb8 Ne4+ 62.Kf3 Nc3 63.Ra8 a2
64.Ke3 Kd6 65.Kd4 Ne2+ 66.Kc4 Nxf4 67.Rxa2 Ne6 68.Kb5 Nxg5 69.Ra6+ Ke5 70.Rxg6 Ne4
71.Kc4 f4 72.Kd3 Nc5+ 73.Ke2 Ne6 74.c3 Kf5 75.Rh6 Ke5 76.Rh5+ Kd6 77.c4 Kc6
78.Kd3 Kd6 79.Ke4 Kc6 80.Rf5 f3 81.Ke3 Kd6 82.Rxf3  1-0

[Event "XXXI Nezhmetdinov Mem"]
[Site "Kazan RUS"]
[Date "2009.06.07"]
[Round "8"]
[White "Husnullin,R"]
[Black "Artemjev,N"]
[Result "1-0"]
[WhiteElo "2209"]
[BlackElo "2090"]

1.e4 c5 2.Nf3 d6 3.Bb5+ Bd7 4.Bxd7+ Qxd7 5.O-O Nf6 6.Qe2 e5 7.c3 g6 8.d4 cxd4
9.cxd4 Nc6 10.dxe5 dxe5 11.Rd1 Qc7 12.Nc3 Rd8 13.Bg5 Bg7 14.Nd5 Nxd5 15.Bxd8 Nxd8
16.Qb5+ Qc6 17.Qxd5 O-O 18.Qxc6 Nxc6 19.Rd7 b6 20.Rc1 Nd4 21.Rcc7 a5 22.Ng5 h6
23.Rxf7 Rxf7 24.Nxf7 Ne6 25.Ra7 Nc5 26.Nd6 Bf8 27.Nc4 Nxe4 28.Kf1 Bc5 29.f3 Nf2
30.Nxe5 Nd1 31.Nc4 b5 32.Ra8+ Kg7 33.Ke2 bxc4 34.Kxd1 Bd4 35.Kc2 Kf6 36.Rxa5  1-0

[Event "XXXI Nezhmetdinov Mem"]
[Site "Kazan RUS"]
[Date "2009.06.07"]
[Round "8"]
[White "Turkin,V"]
[Black "Sokolov,Sergei"]
[Result "1-0"]
[WhiteElo "2266"]
[BlackElo "2355"]

1.e4 c5 2.Nf3 d6 3.Bb5+ Bd7 4.Bxd7+ Qxd7 5.O-O Nc6 6.c3 Nf6 7.Qe2 e6 8.d4 cxd4
9.cxd4 d5 10.e5 Ne4 11.Be3 Be7 12.Ne1 f6 13.f3 Ng5 14.Nd3 Nf7 15.f4 O-O 16.Nd2 Rac8
17.Nf3 fxe5 18.fxe5 Nb4 19.Nxb4 Bxb4 20.a3 Be7 21.Rf2 Nd8 22.Raf1 Nc6 23.Qd3 Rce8
24.h4 Bd8 25.Bg5 Bb6 26.Be3 Bd8 27.h5 h6 28.g4 a6 29.Rg2 Rf7 30.g5 hxg5 31.Bxg5 Ref8
32.h6 Nxd4 33.Qxd4 Rxf3 34.Rxf3 Rxf3 35.Bf6 Qb5 36.h7+ Kh8 37.Bxg7+ Kxh7
38.Qg4 Qf1+ 39.Kh2 Rf5 40.Qg6+  1-0

[Event "XXXI Nezhmetdinov Mem"]
[Site "Kazan RUS"]
[Date "2009.06.07"]
[Round "8"]
[White "Alavkin,A"]
[Black "Kokarev,Dm"]
[Result "0-1"]
[WhiteElo "2460"]
[BlackElo "2603"]

1.e4 c5 2.Nf3 d6 3.Bb5+ Bd7 4.Bxd7+ Qxd7 5.c4 Nf6 6.Nc3 g6 7.d4 cxd4 8.Nxd4 Bg7
9.h3 Qc7 10.Qe2 Nc6 11.Nc2 O-O 12.O-O Rfc8 13.b3 a6 14.Bb2 Qa5 15.Ne3 Nd4
16.Qe1 Ne6 17.Rb1 Nf4 18.Ba1 b5 19.Ncd5 Qxe1 20.Nxf6+ Bxf6 21.Rfxe1 Bxa1
22.Rxa1 Kf8 23.Kf1 Nd3 24.Red1 Nc5 25.f3 b4 26.Nd5 Rab8 27.Rdb1 a5 28.Ke2 g5
29.a3 e6 30.Ne3 a4 31.axb4 Rxb4 32.bxa4 Rxb1 33.Rxb1 Nxa4 34.Rb7 Nc5 35.Rb5 Ke7
36.Rb2 Ra8 37.Rd2 Ra3 38.Rb2 h5 39.Rd2 Rb3 40.Kf2 Nd3+ 41.Ke2 Nc5 42.Kf2 Rb6
43.Ke2 Kf6 44.Kf2 Ke5 45.Nf1 Rb3 46.Ne3 Nd3+ 47.Ke2 Nc1+ 48.Kf2 Rc3 49.g3 Nb3
50.Rd1 Na5 51.Ra1 Nxc4 52.Nxc4+ Rxc4 53.Ra7 Rc2+ 54.Ke3 Rc3+ 55.Kf2 Kf6 56.Rd7 Rc2+
57.Ke3 Rg2 58.g4 h4 59.Rxd6 Rh2 60.Rd7 Rxh3 61.e5+ Kg7 62.Rd1 Rh2 63.f4 Rh3+  0-1

[Event "XXXI Nezhmetdinov Mem"]
[Site "Kazan RUS"]
[Date "2009.06.07"]
[Round "8"]
[White "Kharlov,A"]
[Black "Kupreichik,V"]
[Result "1-0"]
[WhiteElo "2511"]
[BlackElo "2453"]

1.e4 c5 2.Nf3 d6 3.Bb5+ Nc6 4.O-O Bd7 5.Re1 Nf6 6.c3 a6 7.Bf1 Bg4 8.h3 Bh5
9.d4 Bxf3 10.gxf3 e5 11.dxc5 dxc5 12.Qxd8+ Rxd8 13.Nd2 Be7 14.Nb3 Rc8 15.Be3 Nd8
16.Red1 Ne6 17.Na5 Rc7 18.Nc4 Nd7 19.Rd5 Nf4 20.Rxd7 Rxd7 21.Nxe5 Ne6 22.Nxd7 Kxd7
23.f4 g6 24.Rd1+ Kc7 25.f5 gxf5 26.exf5 Rg8+ 27.Bg2 Nd8 28.Bf4+ Kc8 29.Kf1 Re8
30.Rd5 b6 31.Bf3 Bf8 32.Be2 b5 33.a4 Re4 34.Bg5 Nc6 35.axb5 axb5 36.Bxb5 Kc7
37.Be3 Kb6 38.Be2 Re5 39.Bf3 f6 40.Rd7 Rxf5 41.Bg4 Re5 42.Rxh7 Be7 43.Rh5 Re4
44.Rh7 Ra4 45.b4  1-0

[Event "XXXI Nezhmetdinov Mem"]
[Site "Kazan RUS"]
[Date "2009.06.07"]
[Round "8"]
[White "Gorozhankina,J"]
[Black "Ibraev,V"]
[Result "1/2-1/2"]
[WhiteElo "2080"]
[BlackElo "2266"]

1.e4 c5 2.Nf3 d6 3.Bb5+ Bd7 4.Bxd7+ Qxd7 5.c4 Nf6 6.Nc3 g6 7.d4 cxd4 8.Nxd4 Bg7
9.f3 O-O 10.O-O Nc6 11.Nde2 a6 12.a4 Qc7 13.Be3 Rac8 14.Rc1 Nb4 15.b3 Nd7
16.Nf4 Rfe8 17.Kh1 Nc5 18.Ncd5 Nxd5 19.Nxd5 Qd8 20.b4 Nd7 21.a5 e6 22.Nb6 Nxb6
23.Bxb6 Qe7 24.Qb3 Bh6 25.Rcd1 Bf8 26.Rd3 h5 27.Rfd1 Qg5 28.Be3 Qf6 29.Bd4 Qg5
30.Be3 Qf6 31.Bd4 Qg5 32.Be3  1/2-1/2

[Event "Maia Chiburdanidze Cup"]
[Site "Tbilisi GEO"]
[Date "2009.06.07"]
[Round "3"]
[White "Beridze,T"]
[Black "Tqeshelashvili,S"]
[Result "1-0"]
[WhiteElo "2054"]
[BlackElo "2276"]

1.e4 c5 2.Nf3 d6 3.Bb5+ Bd7 4.Bxd7+ Qxd7 5.O-O Nf6 6.e5 Nd5 7.d4 e6 8.dxc5 dxc5
9.Qe2 Be7 10.c4 Nb6 11.Rd1 Qc7 12.Nc3 a6 13.Bf4 O-O 14.Ne4 Nc6 15.b3 h6 16.h4 Nd7
17.Qb2 b5 18.cxb5 axb5 19.Nd6 Rfb8 20.Qe2 Na7 21.Rac1 Nb6 22.Be3 Nd5 23.Bxc5 Qa5
24.Nd4 b4 25.Bxa7 Qxa7 26.Nc6 Qb6 27.Rxd5 exd5 28.Nxe7+ Kf8 29.Qh5 g6 30.Qxh6+ Kxe7
31.Qg5+ Kd7 32.Qg4+ Ke7 33.Qf3 Rf8 34.Qxd5 Rxa2 35.Qf3 f6 36.Nc8+ Rxc8 37.Rxc8 f5
38.Qg3 Ra1+ 39.Kh2 Qe6 40.Qg5+ Kf7 41.Rc7+ Ke8 42.f4 Rb1 43.Qh6  1-0

[Event "XXXI Nezhmetdinov Mem"]
[Site "Kazan RUS"]
[Date "2009.06.08"]
[Round "9"]
[White "Sannikov,G"]
[Black "Protsenko,E"]
[Result "1-0"]
[WhiteElo "2046"]
[BlackElo "1898"]

1.e4 c5 2.Nf3 d6 3.Bb5+ Nc6 4.d4 cxd4 5.Nxd4 Bd7 6.Nc3 g6 7.O-O Bg7 8.Bxc6 Bxc6
9.Be3 Nf6 10.f3 O-O 11.Qd2 Nd7 12.Rad1 Ne5 13.b3 a5 14.a4 Rc8 15.Nce2 Nd7
16.c4 Nc5 17.Rb1 Qc7 18.Nc3 b6 19.Kh1 Rfe8 20.Rfd1 Qb7 21.Rdc1 Qc7 22.Qd1 Qd7
23.Nxc6 Qxc6 24.Bd4 Bxd4 25.Qxd4 Ne6 26.Qd2 Nc7 27.Ne2 Na6 28.Ng1 Qc5 29.Nh3 Kg7
30.Rf1 Qe5 31.Qe3 Nc5 32.Nf2 Rc6 33.f4 Qh5 34.Rbd1 Ne6 35.Rd5 Qh4 36.g3 Qf6
37.Ng4 Qb2 38.f5 Nf8 39.Rd2 Qa3 40.Qh6+ Kg8 41.f6 Ne6 42.fxe7  1-0

[Event "ch-UZB"]
[Site "Tashkent UZB"]
[Date "2009.06.08"]
[Round "10"]
[White "Egin,V"]
[Black "Kvon,A"]
[Result "1/2-1/2"]
[WhiteElo "2439"]
[BlackElo "2425"]

1.e4 c5 2.Nf3 d6 3.Bb5+ Nc6 4.O-O Bd7 5.Re1 Nf6 6.c3 a6 7.Bxc6 Bxc6 8.d4 Bxe4
9.Bg5 Bd5 10.Nbd2 e6 11.c4 Bxf3 12.Qxf3 cxd4 13.Qxb7 Qc8 14.Qb6 Qc5 15.Qb7 Qc8
16.Qb6 Qc5 17.Qb7 Qc8 18.Qb6 Qc5 19.Qb7  1/2-1/2

[Event "XLIV Capablanca Memorial Open"]
[Site "Havana CUB"]
[Date "2009.06.09"]
[Round "2"]
[White "Marrero Lopez,Yan"]
[Black "Quesada Perez,Y"]
[Result "0-1"]
[WhiteElo "2224"]
[BlackElo "2402"]

1.e4 c5 2.Nf3 d6 3.Bb5+ Nd7 4.d4 cxd4 5.Qxd4 Nf6 6.O-O e5 7.Qd3 a6 8.Bxd7+ Bxd7
9.Bg5 Bc6 10.Nc3 h6 11.Bxf6 Qxf6 12.a4 Qe6 13.Nd2 Rc8 14.b3 Be7 15.Nc4 O-O
16.Ne3 Bg5 17.Ncd5 Bxe3 18.Nxe3 g6 19.Rad1 Rcd8 20.Nd5 f5 21.c4 Rf7 22.f4 fxe4
23.Qxe4 Rdf8 24.fxe5 Rxf1+ 25.Rxf1 Rxf1+ 26.Kxf1 dxe5 27.Ke2 Kg7 28.Ke3 a5
29.g4 Qd6 30.h4 Qe6 31.Qf3 Qf7 32.Qg3 Qe6 33.Ke4 Kf7 34.Qf3+ Ke8 35.Qg3 Kd7
36.Qf3 Bxd5+ 37.cxd5 Qe7 38.Qd3 Kd6 39.Qf1 Qxh4 40.Qf8+ Qe7 41.Qxh6 Qf7 42.Qd2 Qf1
43.Qxa5 Qe2+  0-1